书目信息 |
| 题名: |
初级日语听力教程
|
|
| 作者: | 刘晓华 , 罗丽杰 , 王妮 主编 | |
| 分册: | ||
| 出版信息: | 大连 大连理工大学出版社 2004.08 |
|
| 页数: | 344页 | |
| 开本: | 26cm | |
| 丛书名: | 高等学校日语教材 | |
| 单 册: | ||
| 中图分类: | H369.9 | |
| 科图分类: | ||
| 主题词: | 日语--ri yu--听说教学--高等学校--教材 | |
| 电子资源: | ||
| ISBN: | 7-5611-2657-3 | |
| 000 | 01111nam 2200289 450 | |
| 001 | 010261740219 | |
| 005 | 20050623174436.37 | |
| 010 | @a7-5611-2657-3@dCNY30.00 | |
| 100 | @a20050519d2004 km y0chiy0120 ea | |
| 101 | 1 | @achi@ajpn |
| 102 | @aCN@b210000 | |
| 105 | @aa z 000yy | |
| 200 | 1 | @a初级日语听力教程@Achu ji ri yu ting li jiao cheng@e初级听力入门@f刘晓华, 罗丽杰, 王妮主编@Fliu xiao hua,luo li jie,wang ni zhu bian |
| 210 | @a大连@c大连理工大学出版社@d2004.08 | |
| 215 | @a344页@c图@d26cm | |
| 225 | @a高等学校日语教材@Agao deng xue xiao ri yu jiao cai | |
| 304 | @a大连外国语学院日本语学院组织编写。 | |
| 330 | @a本书由发音篇、正文篇、参考答案、正文篇录音资料四大部分构成;正文篇又由预备知识、文型·文法解说、练习问题以及测试四项内容组成。 | |
| 410 | 0 | @12001 @a高等学校日语教材 |
| 517 | 1 | @a初级听力入门@Achu ji ting li ru men |
| 606 | 0 | @a日语@Ari yu@x听说教学@x高等学校@x教材 |
| 690 | @aH369.9@v4 | |
| 701 | 0 | @a刘晓华@Aliu xiao hua@4主编 |
| 701 | 0 | @a罗丽杰@Aluo li jie@4主编 |
| 701 | 0 | @a王妮@Awang ni@4主编 |
| 801 | 0 | @aCN@bRULIN@c20050623 |
| 905 | @a10447@dH369.9@eL692 | |
| 初级日语听力教程:初级听力入门/刘晓华, 罗丽杰, 王妮主编.-大连:大连理工大学出版社,2004.08 |
| 344页:图;26cm.-(高等学校日语教材) |
| ISBN 7-5611-2657-3:CNY30.00 |
| 本书由发音篇、正文篇、参考答案、正文篇录音资料四大部分构成;正文篇又由预备知识、文型·文法解说、练习问题以及测试四项内容组成。 |
| ● |
| 相关链接 |
|
|
|
正题名:初级日语听力教程
索取号:H369.9/L692
 
预约/预借
| 序号 | 登录号 | 条形码 | 馆藏地/架位号 | 状态 | 备注 |
| 1 | 521051 | 205210519 | 语言库209/209语言库 134排1列1层/ [索取号:H369.9/L692] | 在馆 | |
| 2 | 521052 | 205210528 | 语言库209/209语言库 134排1列1层/ [索取号:H369.9/L692] | 在馆 | |
| 3 | 521053 | 205210537 | 语言库209/209语言库 134排1列1层/ [索取号:H369.9/L692] | 在馆 |